000 01968cam a22002054a 4500
005 20250605164213.0
008 250528s ||||||||||||||||||||||||d
035 _a20381
020 _a9603291870
040 _aGR-AtMCL
_bgre
_dGR-AtMCL
_eAACR2
245 1 _aΜπαουχάους
260 _bΥποδομή,
_c1993
300 _a216
505 0 _aΣτόχοι και Φιλοδοξίες, Οι Τέχνες και η Αρχιτεκτινική και οι Ακαδημίες, Μεταρυθμίσεις στη Διδασκαλία, Ο Ιδρυτής, Προβλήματα, Οι Πρώτοι Διορισμοί, Οι Σπουδαστές, Επιτεύγματα, Νέες Αφίξεις, Η Προκαταρτική Τάξη: Χρώμα και Μορφή, Η Ολλανδοποίηση, Προς μία ενότητα: Μοχόλυ-Νάγκυ και Άλμπερσ, Το Δημόσιο Πρόσωπο, Ντεσάου, Νέα Γενιά Δασκάλων, Νέος Διευθυντής, Το Πικρό Τέλος, Κρίσεις, Κείμενα. Σημειώσεις, Βιβλιογραφία.
520 _aΣτόχοι και Φιλοδοξίες, Οι Τέχνες και η Αρχιτεκτινική και οι Ακαδημίες, Μεταρυθμίσεις στη Διδασκαλία, Ο Ιδρυτής, Προβλήματα, Οι Πρώτοι Διορισμοί, Οι Σπουδαστές, Επιτεύγματα, Νέες Αφίξεις, Η Προκαταρτική Τάξη: Χρώμα και Μορφή, Η Ολλανδοποίηση, Προς μία ενότητα: Μοχόλυ-Νάγκυ και Άλμπερσ, Το Δημόσιο Πρόσωπο, Ντεσάου, Νέα Γενιά Δασκάλων, Νέος Διευθυντής, Το Πικρό Τέλος, Κρίσεις, Κείμενα. Σημειώσεις, Βιβλιογραφία.
700 1 _aΟυίτφορντ Φράνκ
_96364
942 _cBK
999 _c5496
_d5496